Marketing de servicios (Registro nro. 58371)

Detalles MARC
000 -ENCABEZADO
Número de control [NR] 01202nam a2200301Ia 4500
005 - FECHA Y HORA DE LA ÚLTIMA TRANSACCIÓN
control field 20190722025429.0
008 - DE LONGITUD FIJA DE DATOS DE ELEMENTOS - INFORMACIÓN GENERAL
Elementos de longitud fija [NR] 130821s2015 mx a gr spa
020 ## - NUMERO INTERNACIONAL NORMALIZADO PARA LIBROS [R]
Número Internacional Normalizado del libro [NR] 9786073229326 (7a.Ed.)
020 ## - NUMERO INTERNACIONAL NORMALIZADO PARA LIBROS [R]
Número Internacional Normalizado del libro [NR] 9702615151 (6a.Ed.)
040 ## - FUENTE DE CATALOGACION [NR]
Agencia de catalogación original [NR] CO-BoUCM
Idioma de catalogación [NR] spa
Quien Cataloga Saul Niño (Modificó)
Quien Clasifica [Nuevo]
041 00 - CODIGO DE IDIOMA [R]
Código de idioma para texto/pista de sonido o título separado [R] Español
100 1# - ASIENTO PRINCIPAL--NOMBRE PERSONAL [NR]
Nombre personal [NR] Lovelock, Christopher
ID Autoridad 38686
Fechas asociadas con el nombre [NR] 1940-2008
245 10 - MENCION DE TITULO [NR]
Título [NR] Marketing de servicios
Parte restante del título [NR] personal, tecnología y estrategia
Mención de responsabilidad, etc. [NR] Christopher Lovelock y Jochen Wirtz ; traducción de Leticia Esther Pineda González
250 ## - MENCION DE EDICION [NR]
Mención de edición [NR] Séptima edición
260 ## - PUBLICACION, DISTRIBUCION, ETC. (PIE DE IMPRENTA) [R]
Lugar de publicación, distribución, etc. [R] México D.F. (México)
Nombre del editor, distribuidor, etc. [R] Pearson Educación
Fecha de publicación, distribución, etc. [R] 2015
300 ## - DESCRIPCION FISICA [R]
Extensión [R] xxii, 626 páginas
Otros detalles físicos [NR] ilustraciones, gráficas
504 ## - NOTA DE BIBLIOGRAFIA, ETC. [R]
Nota de bibliografía, etc. [NR] Incluye referencias bibliográficas e índices
650 #7 - ASIENTO SECUNDARIO DE MATERIA - TERMINO TEMATICO [R]
Término temático o nombre geográfico como elemento de entrada [NR] Administración de empresas
9 (RLIN) 435
650 #7 - ASIENTO SECUNDARIO DE MATERIA - TERMINO TEMATICO [R]
Término temático o nombre geográfico como elemento de entrada [NR] Mercadeo de servicios
9 (RLIN) 19313
650 #7 - ASIENTO SECUNDARIO DE MATERIA - TERMINO TEMATICO [R]
Término temático o nombre geográfico como elemento de entrada [NR] Servicio al cliente
9 (RLIN) 24256
690 ## - ASUNTO AGREGADO LOCAL DE ENTRADA - TÉRMINO TEMÁTICO (OCLC, RLIN)
Acceso temático local Administración de empresas
9 (RLIN) 435
700 1# - ASIENTO SECUNDARIO - NOMBRE PERSONAL [R]
Nombre personal [NR] Wirtz, Jochen
9 (RLIN) 38687
700 1# - ASIENTO SECUNDARIO - NOMBRE PERSONAL [R]
Nombre personal [NR] Pineda Ayala, Leticia Esther
Término de relación [R] traductor
9 (RLIN) 75937
700 1# - ASIENTO SECUNDARIO - NOMBRE PERSONAL [R]
Nombre personal [NR] Mercado González, Julieta
9 (RLIN) 38687
765 ## - ASIENTO DE IDIOMA ORIGINAL [R]
Asiento principal [NR] Services marketing
942 ## - ELEMENTOS DE ENTRADA AGREGADOS (KOHA)
Tipo de ítem principal el descrito en 300a Libro
Tema principal Administración
Edición 7
Parte restante de la signatura top. L69m
Sistema de clasificación DEWEY
Clasificación 658.8
Existencias
Fecha de último préstamo Total préstamos Signatura topográfica Código de barras Última vez visto Volúmen / Fascículo Ejemplar Price effective from Tipo de ítem Perdido Sistema de clasificación Dañado No prestable Tipo de ítem específico Suprimido Ubicación habitual Ubicación actual Localización Fecha de creación Forma de adquisición Costo Total Renewals Costo de reposición Proveedor
11/10/2019 57 658.8 L69m 100094921 04/12/2025 6a.Ed. Ej.1 03/02/2013 Libro   DEWEY     Libro   Claustro Claustro 4to piso 30/09/2008 Compra 95000.00      
16/10/2019 4 658.8 L69m 100162447 04/12/2025 7a.Ed. Ej.2 19/07/2019 Libro   DEWEY     Libro   Claustro Claustro 4to piso 19/07/2019 Compra 100800.00 4 100800.00 111
09/10/2019 4 658.8 L69m 100162448 04/12/2025 7a.Ed. Ej.3 19/07/2019 Libro   DEWEY     Libro   Claustro Claustro 4to piso 19/07/2019 Compra 100800.00 3 100800.00 111
12/10/2019 3 658.8 L69m 100162446 04/12/2025 7a.Ed. Ej.1 19/07/2019 Libro   DEWEY     Libro   Claustro Claustro 4to piso 19/07/2019 Compra 100800.00 1 100800.00 111